| 000 | 01025nam a2200217Ia 4500 | ||
|---|---|---|---|
| 999 |
_c40101 _d40101 |
||
| 001 | 6707 | ||
| 003 | GE_BSU | ||
| 005 | 20191224172915.0 | ||
| 008 | 181216s1969||||ge |||||||||||||| ||geo|| | ||
| 040 | _cGE_BSU | ||
| 041 | _ageo | ||
| 080 | _a821.353.1-7 გ-37 | ||
| 100 |
_aგერსამია, იასონ. _95958 |
||
| 245 |
_aროგორ ამარილებენ ზღვას : _bიუმორისტული მოთხრობები და ფელეტონები / _cიასონ გერსამია ; რედ. მოსე გვასალია. |
||
| 264 |
_aსოხუმი : _bალაშარა, _c1969. |
||
| 300 |
_a362 გვ. : _bფოტო-პორტრეტი ; _c17 სმ. |
||
| 653 | _aიუმორისტული მოთხრობები | ||
| 653 | _aროგორ ამარილებენ ზღვას | ||
| 700 |
_aგვასალია, მოსე _eრედაქტორი _95773 |
||
| 942 |
_cBK _2udc |
||